Quantification of road user savings. / (Record no. 808)

MARC details
000 -LEADER
fixed length control field 00606nam a22001457a 4500
008 - FIXED-LENGTH DATA ELEMENTS--GENERAL INFORMATION
fixed length control field 120503t xxu||||| |||| 00| 0 eng d
050 ## - LIBRARY OF CONGRESS CALL NUMBER
Classification number HE5618.W4
100 ## - MAIN ENTRY--PERSONAL NAME
Personal name Weille, Jan De
245 ## - TITLE STATEMENT
Title Quantification of road user savings. /
Statement of responsibility, etc. Jan De Weille
260 ## - PUBLICATION, DISTRIBUTION, ETC.
Place of publication, distribution, etc. U.S.A.:
Name of publisher, distributor, etc. John Hopkins Press,
Date of publication, distribution, etc. 1966.
300 ## - PHYSICAL DESCRIPTION
Extent xiv, 93 p.:
Other physical details ill.;
Dimensions 22cm.
505 ## - FORMATTED CONTENTS NOTE
Formatted contents note Contents: Introduction -- Basic tables -- Conclusions and qualifications -- Source and methods -- Road user savings per vehicle in perspective -- Glossary and list of sources.
650 ## - SUBJECT ADDED ENTRY--TOPICAL TERM
Topical term following geographic name entry element Transportation, Automotive
General subdivision Cost of operation
942 ## - ADDED ENTRY ELEMENTS (KOHA)
Source of classification or shelving scheme Library of Congress Classification
Koha item type Books
Holdings
Withdrawn status Lost status Source of classification or shelving scheme Damaged status Not for loan Home library Current library Shelving location Date acquired Total Checkouts Full call number Barcode Date last seen Price effective from Koha item type
    Library of Congress Classification     WISCONSIN INTERNATIONAL UNIVERSITY COLLEGE, GHANA - MAIN LIBRARY WISCONSIN INTERNATIONAL UNIVERSITY COLLEGE, GHANA - MAIN LIBRARY General Stacks 03/05/2012   HE5618.W4 1991/12 03/05/2012 03/05/2012 Books

If you have any concerns or questions; kindly contact the library


© Powered by WIUC ICT DIRECTORATE